000 00258nam a2200085Ia 4500
005 20250424112923.0
008 250424s9999 xx 000 0 und d
650 _aManagement--Periodicals. Management. Gestion--Périodiques. Management--Periodicals.
942 _cSR
999 _c37881
_d37881